A study of linguistic features of idioms expressing richness and poverty in English and Vietnamese /

Salvato in:
Dettagli Bibliografici
Autore principale: Lê Thị Lan Anh
Natura: Sconosciuto
Lingua:English
Pubblicazione: 2011.
Soggetti:
Tags: Aggiungi Tag
Nessun Tag, puoi essere il primo ad aggiungerne! !
Thư viện lưu trữ: Mạng thư viện Đại học Đà Nẵng
LEADER 01198na a2200325 4500
001 000031999
003 7933
005 20230302150928.0
008 151001s2011 000 eng
040 |a LNN 
041 |a eng 
082 |a 420.4  |b LÊ-A 
100 |a Lê Thị Lan Anh 
245 2 |a A study of linguistic features of idioms expressing richness and poverty in English and Vietnamese /  |c Lê Thị Lan Anh. 
260 |c 2011. 
300 |a 67tr. : mh ; 30cm. 
650 |a A study of linguistic features of idioms expressing richness and poverty in English and Vietnamese, language, 2011,67tr 
852 |c Luận văn sinh viên 
OWN |a LNN 
AVA |a UDN50  |b LNN  |c English  |d 420.4 LÊ-A  |e available  |t Error 5001 Not defined in file expand_doc_bib_avail.  |f 1  |g 0  |h N  |i 0  |j AN  |k 1 
999 |a From the UDN01 
AVA |a UDN50  |b LNN  |c English  |d 420.4 LÊ-A  |e available  |t Error 5001 Not defined in file expand_doc_bib_avail.  |f 1  |g 0  |h N  |i 0  |j AN  |k 1 
TYP |a Printed language 
980 |a Mạng thư viện Đại học Đà Nẵng